Statistics for Five Most Populated Countries by Containing Letter

Click here to take the quiz!

General Stats

  • This quiz has been taken 2,196 times
    (1,960 since last reset)
  • The average score is 35 of 50

Answer Stats

Letter(s)Country% Correct
A1, C1, H1, I1, N1China
99%
A3, D2, E1, I3, N3, S1, T1, U1United States
99%
A2, D1, I2, N2India
98%
A5, B1, I5, L1, R1, Z1Brazil
96%
C4, F1France
95%
C2, E5, M1, O2, X1Mexico
95%
K3, M5, O5, U5United Kingdom
95%
A4, D3, E2, I4, N4, O1, S2Indonesia
94%
J1Japan
94%
R3, S5, U2Russia
94%
G4, M3, R4, Y2Germany
92%
K1, P1, S3, T2Pakistan
92%
E3, G1, R2Nigeria
89%
B2, D4, E4, G2, H1, L2, N5, S4Bangladesh
88%
B3, C3, D5, G5, H5, L4, M4, O4, P5, U4DR Congo
85%
M2, T3, V1Vietnam
85%
G3, P4, T5, Y1Egypt
84%
Q3Qatar
84%
V2, Z4Venezuela
80%
H3, L3, P2Philippines
79%
K2, R5, U3, Y3Turkey
79%
Y4Italy
78%
K4South Korea
78%
H4, O3, P3, T4Ethiopia
77%
Q1Iraq
77%
B4Colombia
76%
C5, F2South Africa
75%
L5Thailand
75%
W3Zimbabwe
75%
Q2, Z5Mozambique
70%
K5, Y5Kenya
69%
Z2Tanzania
69%
B5Saudi Arabia
64%
F3Afghanistan
63%
J4Jordan
62%
J5Jamaica
57%
W5Sweden
54%
F5Finland
52%
Z3Uzbekistan
51%
J2Azerbaijan
48%
J3Tajikistan
48%
W1Taiwan
46%
V4Bolivia
44%
X2Luxembourg
39%
Q4Equatorial Guinea
34%
V3Côte d’Ivoire
32%
W4Rwanda
32%
W2Malawi
29%
F4Burkina Faso
25%
V5El Salvador
12%

Score Distribution

Percentile by Number Answered

Percent of People with Each Score

Your Score History

You have not taken this quiz since the last reset